Vklad podniku z účtovného a daňového hľadiska diplomová práca

Enregistré dans:
Détails bibliographiques
Auteur principal: Takácsová, Andrea
Collectivité auteur: Fakulta hospodárskej informatiky EU. Katedra účtovníctva a audítorstva
Autres auteurs: Ondrušová, Lucia, 1981-
Format: Livre
Langue:slovaque
Publié: Bratislava 2010
Tags: Ajouter un tag
Pas de tags, Soyez le premier à ajouter un tag!

MARC

LEADER 00000nam$a2200000$$$4500
001 0120200
005 20240318123719.1
041 0 |a slo 
044 |a SK 
245 1 0 |a Vklad podniku z účtovného a daňového hľadiska  |b diplomová práca  |c Andrea Takácsová ; škol. Lucia Ondrušová 
264 1 |a Bratislava  |c 2010 
300 |a 70 s. 
100 1 |a Takácsová, Andrea 
700 1 |a Ondrušová, Lucia, 1981- 
710 2 |a Fakulta hospodárskej informatiky EU. Katedra účtovníctva a audítorstva